El ajedrez en Costa Rica (Registro nro. 11818)
[ vista simple ]
| 000 -Cabecera | |
|---|---|
| Campo de control de longitud fija | 00558nam a22002417a 4500 |
| 005 - Fecha y hora de la última transacción | |
| Campo de control | 20240715170208.0 |
| 008 - Elementos de longitud fija--Información general | |
| Campo de control de longitud fija | 190328b xxu||||| |||| 00| 0 spa d |
| 020 ## - International Standard Book Number | |
| Número Internacional Estándar del Libro (ISBN) | 9977677182 |
| 041 ## - Idioma | |
| Código de idioma | Español |
| 082 ## - Clasificación Decimal Dewey | |
| Número de clasificación | 794.1 M977a |
| 100 ## - Entrada principal--Autor personal | |
| Nombre personal | Murillo Tsijli, Alexis |
| 9 (RLIN) | 53113 |
| 100 ## - Entrada principal--Autor personal | |
| Nombre personal | Murillo Tsijli, Manuel |
| 245 ## - Título propiamente dicho | |
| Título | El ajedrez en Costa Rica |
| 260 ## - Pie de imprenta | |
| Lugar de publicación, distribución, etc. | Costa Rica |
| 260 ## - Pie de imprenta | |
| Nombre del editor, distribuidor, etc. | EUCR |
| 260 ## - Pie de imprenta | |
| Fecha de publicación, distribución, etc. | 2003 |
| 300 ## - Descripción física | |
| Extensión | 391 páginas |
| 650 ## - Materia general | |
| Temática (materia general) | COSTA RICA |
| 650 ## - Materia general | |
| Temática (materia general) | AJEDREZ |
| 650 ## - Materia general | |
| Temática (materia general) | HISTORIA |
| 942 ## - Punto de acceso adicional KOHA | |
| Tipo de ítem KOHA | Libro |
| Fuente del sistema de clasificación o colocación | Dewey Decimal Classification |
| Signatura completa | Código de barras | Programa Académico | Tipo de ítem |
|---|---|---|---|
| 794.1 M977a | 24158 | Dirección de Educación Comunitaria y Asistencia Técnica | Libro |